| 000 | 00904 a2200217 4500 | ||
|---|---|---|---|
| 020 | _a0324069731 | ||
| 020 | _a9780324069730 | ||
| 082 | 0 | 4 | _a658.1552 |
| 090 |
_c2772 _d2772 |
||
| 100 | 1 | _aHansen, Don R. | |
| 245 | 1 | 0 |
_aCost management : _baccounting & control / _cDon R. Hansen. |
| 250 | _a4th ed. | ||
| 260 |
_a[S.l.] : _bSouth-Western College/West, _c2002. |
||
| 300 |
_a1056 p. ; _c29 cm. |
||
| 500 | _aHardcover. | ||
| 520 | _aCost Management: Accounting and Control emphasizes that changing conditions often require a change in cost management systems. Emphasizing this point stresses the dynamic and exciting nature of the field. | ||
| 700 | 1 | _aMowen, Maryanne M. | |
| 856 | 4 | 0 |
_3Amazon.com _uhttp://www.amazon.com/exec/obidos/ASIN/0324069731/chopaconline-20 |
| 856 | 4 | 0 |
_3Amazon customer reviews _uhttp://www.chopac.org/cgi-bin/tools/azrev.pl?q=0324069731 |
| 942 |
_aNBS _cBK _k658.1552 HAN |
||
| 999 |
_c345263 _d345263 |
||